| 000 | 00615nam a2200205 a 4500 | ||
|---|---|---|---|
| 001 | 000024382 | ||
| 005 | 20200930022948.0 | ||
| 008 | 110126s1966 ag r 000 0 spa d | ||
| 040 |
_aDO-SdBNP _bspa _cBNPHU |
||
| 082 |
_a223.7 _bB459p |
||
| 100 | 1 |
_aBendrom, Luifel, _950000 |
|
| 245 | 1 | 0 |
_aProverbios antiguos para tiempos modernos / _cLuifel Bendrom. |
| 260 |
_aBuenos Aires : _bCasa Bautista de Publicaciones, _c1966. |
||
| 300 |
_a96 p. ; _c19 cm. |
||
| 490 | 1 | _aLibros afines | |
| 650 | 4 |
_aProverbios y refranes _918988 |
|
| 650 | 4 |
_aBiblia. _xA.t. _948881 |
|
| 830 | 0 |
_aLibros afines _950001 |
|
| 049 | _aBNGR | ||
| 999 |
_c23875 _d23875 |
||